000 00806nam a22002177a 4500
003 OSt
005 20140310183007.0
008 130211t xxu||||| |||| 00| 0 eng d
020 _a9717420254
050 _aT 27.P6
_b.M36 2000
082 _aT58.64
_b.M311m 2000
245 _aManaging technology for global competitiveness :
_bedited by Epictetus E. Patalinghug; Jose P. Tabbad; Elvira A. Zamora
_cthe Philippine experience /
260 _a[Quezon City :
_bUniversity of the Philippines, Center for Integrative and Development Studies,
_c2000.
300 _axxiv, 525 p. :
_c23 cm.
521 _aBSBA
562 _e1
650 _atechnology
_vManagement
_xPhilippines.
_y-Addresses, essays
650 _a Completion, International
_yAddresses, essays.s
942 _2lcc
_cBK
_kLOC
999 _c18189
_d18189